000 00472nam a2200181Ia 4500
001 15980
005 20260306170235.0
008 260306t2022||||xx |||||||||||||| ||und||
041 _aESP
082 _a346.52
_bA87
100 _aAtienza Navarro, Ma Luisa,
_eAUT
245 0 _aDaños causados por inteligencia artificial y responsabilidad civil
260 _c2022
300 _a442 páginas :
_c21 cm.
650 _aGEN
654 _aCDE
942 _cLIB
_dJUS
_fJUS
_2ddc
_n
999 _c15980
_d15980